भारतीय समांज में विधवाओं की प्रस्तिथि एवं भूमिका (Record no. 11069)
[ view plain ]
| 000 -LEADER | |
|---|---|
| fixed length control field | 01019nam a2200169Ia 4500 |
| 082 ## - DEWEY DECIMAL CLASSIFICATION NUMBER | |
| Classification number | RL 0039 |
| 100 ## - MAIN ENTRY--AUTHOR NAME | |
| Personal name | Lahiri, Vimal Kumar |
| Affiliation | Kashi Hindu vishwavidyalaya |
| Place | Varanasi |
| 245 #0 - TITLE STATEMENT | |
| Title | भारतीय समांज में विधवाओं की प्रस्तिथि एवं भूमिका |
| Sub Title | : वाराणसी जनपद में निवास करने वाली विधवाओं पर आधारित एक समाज वैज्ञानिक अध्ययन |
| 246 ## - VARYING FORM OF TITLE | |
| Title proper/short title | Bharatiya samaj mei vidhvayon ki prastithi evam bhumika: Varanasi janpad mei nivas karne vali vidhvayon par aadharit ek samaj vaigyanik adhyayan |
| 260 ## - PUBLICATION, DISTRIBUTION, ETC. (IMPRINT) | |
| Year of publication | 2014 |
| Name of publisher/Sponsor | Indian Council of Social Science Research |
| Place of publication | New Delhi |
| 300 ## - PHYSICAL DESCRIPTION | |
| Number of Pages | 306p |
| 504 ## - BIBLIOGRAPHY, ETC. NOTE | |
| Bibliography, etc | includes Bibliography |
| 650 ## - SUBJECT ADDED ENTRY--TOPICAL TERM | |
| Topical Term | Prastithi evm Bhumika |
| Geographic subdivision | Vidhvayon |
| 650 ## - SUBJECT ADDED ENTRY--TOPICAL TERM | |
| Topical Term | Samaj vaigyanik adhyayan |
| Geographic subdivision | India |
| -- | Uttar Pradesh |
| -- | Varanasi janpad |
| 650 ## - SUBJECT ADDED ENTRY--TOPICAL TERM | |
| Topical Term | Bharatiya samaj |
| Form subdivision | Vidhvayon |
| 942 ## - ADDED ENTRY ELEMENTS (KOHA) | |
| Koha item type | Research Reports |
| Source of classification or shelving scheme | Dewey Decimal Classification |
| Withdrawn status | Lost status | Damaged status | Not for loan | Collection code | Home library | Current library | Date acquired | Source of acquisition | Full call number | Accession Number | Price effective from | Koha item type |
|---|---|---|---|---|---|---|---|---|---|---|---|---|
| Not For Loan | Major Research Project Reports | NASSDOC Library | NASSDOC Library | 25/09/2017 | Gifted by : RP Division, ICSSR | RL 0039 | 49381 | 18/04/2019 | Research Reports |
